[Event "DEM U12 2025"]
[Site "Willingen GER"]
[Date "2025.06.10"]
[Round "4"]
[White "Prashanthakumar, Arnesh"]
[Black "Zielke, Mika"]
[Result "0-1"]
[Termination "normal"]
[Board "16"]
[WhiteElo "1564"]
[BlackElo "1733"]
[WhiteClock "00:04:38"]
[BlackClock "00:02:29"]
[PlyCount "92"]
[WhiteFideId "34604073"]
[BlackFideId "34661816"]
[EventCountry "GER"]
[EventRounds "9"]
[EventType "swiss"]
[EventDate "2025.06.07"]

1. e4 {[%clk 01:30:58]} {[%emt 00:00:02]} e5 {[%clk 01:30:39]} {[%emt
00:00:22]} 2. Bc4 {[%clk 01:31:21]} {[%emt 00:00:06]} Nf6 {[%clk 01:30:42]}
{[%emt 00:00:26]} 3. Nc3 {[%clk 01:31:42]} {[%emt 00:00:10]} Bc5 {[%clk
01:30:49]} {[%emt 00:00:22]} 4. d3 {[%clk 01:31:50]} {[%emt 00:00:23]} d6
{[%clk 01:30:43]} {[%emt 00:00:37]} 5. f4 {[%emt 00:14:11]} Ng4 {[%clk
01:17:22]} {[%emt 00:00:55]} 6. f5 {[%clk 01:27:52]} {[%emt 00:03:42]} h5
{[%clk 01:14:13]} {[%emt 00:03:39]} 7. Qf3 {[%clk 01:09:00]} {[%emt 00:19:21]}
Nf2 {[%clk 01:13:09]} {[%emt 00:01:34]} 8. Be3 {[%clk 01:07:26]} {[%emt
00:02:04]} Bxe3 {[%clk 01:12:07]} {[%emt 00:01:32]} 9. Qxe3 {[%clk 01:07:49]}
{[%emt 00:00:08]} Nxh1 {[%clk 01:12:21]} {[%emt 00:00:15]} 10. O-O-O {[%clk
01:06:45]} {[%emt 00:01:34]} Bd7 {[%clk 01:02:41]} {[%emt 00:10:11]} 11. Nh3
{[%clk 01:04:37]} {[%emt 00:02:37]} f6 {[%clk 00:52:26]} {[%emt 00:10:46]} 12.
Rxh1 {[%clk 01:00:40]} {[%emt 00:04:27]} c6 {[%clk 00:49:41]} {[%emt 00:03:16]}
13. Qg3 {[%clk 00:54:10]} {[%emt 00:06:59]} Qe7 {[%clk 00:49:27]} {[%emt
00:00:44]} 14. Qg6+ {[%clk 00:52:15]} {[%emt 00:02:24]} Kd8 {[%clk 00:49:22]}
{[%emt 00:00:36]} 15. Bf7 {[%clk 00:51:47]} {[%emt 00:00:58]} Rf8 {[%clk
00:47:32]} {[%emt 00:02:20]} 16. Bb3 {[%clk 00:51:39]} {[%emt 00:00:38]} Rh8
{[%clk 00:47:51]} {[%emt 00:00:11]} 17. Bf7 {[%clk 00:51:39]} {[%emt 00:00:30]}
Na6 {[%clk 00:41:49]} {[%emt 00:06:32]} 18. Bb3 {[%clk 00:46:12]} {[%emt
00:05:57]} Kc7 {[%clk 00:40:36]} {[%emt 00:01:43]} 19. Rd1 {[%clk 00:44:50]}
{[%emt 00:01:51]} h4 {[%clk 00:39:14]} {[%emt 00:01:53]} 20. Qg4 {[%clk
00:38:07]} {[%emt 00:07:13]} g5 {[%clk 00:37:22]} {[%emt 00:02:22]} 21. Qe2
{[%clk 00:35:23]} {[%emt 00:03:14]} Nc5 {[%clk 00:35:51]} {[%emt 00:02:01]} 22.
Nf2 {[%clk 00:31:00]} {[%emt 00:04:53]} a5 {[%clk 00:34:48]} {[%emt 00:01:34]}
23. d4 {[%clk 00:27:19]} {[%emt 00:04:10]} Nxb3+ {[%clk 00:33:13]} {[%emt
00:02:05]} 24. cxb3 {[%clk 00:25:58]} {[%emt 00:01:51]} exd4 {[%clk 00:32:41]}
{[%emt 00:01:02]} 25. Rxd4 {[%clk 00:25:10]} {[%emt 00:01:17]} Qe5 {[%clk
00:30:46]} {[%emt 00:02:25]} 26. Qc4 {[%clk 00:22:14]} {[%emt 00:03:27]} b5
{[%clk 00:28:44]} {[%emt 00:02:33]} 27. Qd3 {[%clk 00:20:19]} {[%emt 00:02:24]}
Qxh2 {[%clk 00:28:34]} {[%emt 00:00:40]} 28. Ne2 {[%clk 00:17:20]} {[%emt
00:03:29]} Qe5 {[%clk 00:24:23]} {[%emt 00:04:41]} 29. Ng4 {[%clk 00:16:45]}
{[%emt 00:01:05]} Qe7 {[%clk 00:24:24]} {[%emt 00:00:28]} 30. Nc3 {[%clk
00:15:56]} {[%emt 00:01:20]} b4 {[%clk 00:23:18]} {[%emt 00:01:36]} 31. Nd1
{[%clk 00:14:39]} {[%emt 00:01:47]} c5 {[%clk 00:23:24]} {[%emt 00:00:23]} 32.
Qc2 {[%clk 00:13:56]} {[%emt 00:01:13]} Bc6 {[%clk 00:23:00]} {[%emt 00:00:55]}
33. Nde3 {[%clk 00:12:03]} {[%emt 00:02:23]} Kb7 {[%clk 00:21:37]} {[%emt
00:01:54]} 34. Nd5 {[%clk 00:10:25]} {[%emt 00:02:07]} Bxd5 {[%clk 00:20:59]}
{[%emt 00:01:08]} 35. Rxd5 {[%clk 00:10:27]} {[%emt 00:00:28]} Rhe8 {[%clk
00:19:39]} {[%emt 00:01:50]} 36. Nf2 {[%clk 00:08:54]} {[%emt 00:02:03]} g4
{[%clk 00:17:47]} {[%emt 00:02:21]} 37. Qd1 {[%clk 00:07:12]} {[%emt 00:02:13]}
Kc6 {[%clk 00:13:38]} {[%emt 00:04:39]} 38. Kb1 {[%clk 00:06:23]} {[%emt
00:01:19]} g3 {[%clk 00:11:46]} {[%emt 00:02:21]} 39. Ng4 {[%clk 00:05:02]}
{[%emt 00:01:51]} Qxe4+ {[%clk 00:11:52]} {[%emt 00:00:25]} 40. Rd3 {[%clk
00:04:44]} {[%emt 00:00:48]} Qxf5 {[%clk 00:06:54]} {[%emt 00:05:27]} 41. Ka1
{[%clk 00:03:01]} {[%emt 00:02:14]} Qxd3 {[%clk 00:01:32]} {[%emt 00:05:51]}
42. Qxd3 {[%clk 00:02:52]} {[%emt 00:00:39]} Re1+ {[%clk 00:01:52]} {[%emt
00:00:10]} 43. Qb1 {[%emt 00:00:03]} Rxb1+ {[%clk 00:02:14]} {[%emt 00:00:07]}
44. Kxb1 {[%clk 00:03:48]} {[%emt 00:00:03]} f5 {[%clk 00:02:11]} {[%emt
00:00:32]} 45. Ne3 {[%clk 00:04:14]} {[%emt 00:00:05]} f4 {[%clk 00:02:30]}
{[%emt 00:00:11]} 46. Ng4 {[%clk 00:04:38]} {[%emt 00:00:06]} f3 {[%clk
00:02:29]} {[%emt 00:00:30]} 0-1

[Event "DEM U12 2025"]
[Site "Willingen GER"]
[Date "2025.06.10"]
[Round "4"]
[White "Wingerath, Felix"]
[Black "Spielmann, Jan"]
[Result "1-0"]
[Termination "normal"]
[Board "17"]
[WhiteElo "1767"]
[BlackElo "1667"]
[WhiteClock "01:06:31"]
[BlackClock "00:12:38"]
[PlyCount "55"]
[WhiteFideId "34614834"]
[BlackFideId "34680039"]
[EventCountry "GER"]
[EventRounds "9"]
[EventType "swiss"]
[EventDate "2025.06.07"]

1. e4 {[%clk 01:30:49]} {[%emt 00:00:10]} Nf6 {[%clk 01:30:50]} {[%emt
00:00:11]} 2. e5 {[%clk 01:30:57]} {[%emt 00:00:22]} Nd5 {[%clk 01:31:02]}
{[%emt 00:00:18]} 3. d4 {[%clk 01:31:08]} {[%emt 00:00:19]} d6 {[%clk
01:30:56]} {[%emt 00:00:35]} 4. c4 {[%clk 01:31:06]} {[%emt 00:00:33]} Nb6
{[%clk 01:31:16]} {[%emt 00:00:10]} 5. exd6 {[%clk 01:31:11]} {[%emt 00:00:24]}
exd6 {[%clk 01:30:20]} {[%emt 00:01:27]} 6. Nc3 {[%clk 01:30:47]} {[%emt
00:00:54]} Be7 {[%clk 01:30:15]} {[%emt 00:00:35]} 7. Bd3 {[%clk 01:30:43]}
{[%emt 00:00:34]} O-O {[%clk 01:27:57]} {[%emt 00:02:48]} 8. Nge2 {[%clk
01:30:50]} {[%emt 00:00:23]} Nc6 {[%clk 01:19:30]} {[%emt 00:08:57]} 9. h3
{[%clk 01:30:02]} {[%emt 00:01:17]} Re8 {[%clk 01:14:16]} {[%emt 00:05:45]} 10.
O-O {[%clk 01:29:18]} {[%emt 00:01:14]} Bf6 {[%clk 01:11:08]} {[%emt 00:03:39]}
11. a3 {[%clk 01:28:02]} {[%emt 00:01:46]} g6 {[%clk 01:10:55]} {[%emt
00:00:42]} 12. Be3 {[%clk 01:27:07]} {[%emt 00:01:25]} a5 {[%clk 01:09:38]}
{[%emt 00:01:48]} 13. b3 {[%clk 01:21:38]} {[%emt 00:05:58]} Ne7 {[%clk
01:02:50]} {[%emt 00:07:17]} 14. Ne4 {[%clk 01:19:19]} {[%emt 00:02:49]} Nf5
{[%clk 00:39:27]} {[%emt 00:23:54]} 15. Nxf6+ {[%clk 01:17:29]} {[%emt
00:02:19]} Qxf6 {[%clk 00:38:51]} {[%emt 00:01:06]} 16. Bxf5 {[%clk 01:17:38]}
{[%emt 00:00:22]} Bxf5 {[%clk 00:38:31]} {[%emt 00:00:50]} 17. Ng3 {[%clk
01:17:44]} {[%emt 00:00:23]} Bd7 {[%clk 00:37:16]} {[%emt 00:01:45]} 18. Qd2
{[%clk 01:16:47]} {[%emt 00:01:27]} d5 {[%clk 00:19:40]} {[%emt 00:18:07]} 19.
c5 {[%clk 01:15:05]} {[%emt 00:02:13]} Nc8 {[%clk 00:19:40]} {[%emt 00:00:29]}
20. Bf4 {[%clk 01:15:14]} {[%emt 00:00:20]} Qc6 {[%clk 00:15:40]} {[%emt
00:04:31]} 21. Rfe1 {[%clk 01:08:42]} {[%emt 00:07:02]} Re6 {[%clk 00:13:37]}
{[%emt 00:02:35]} 22. Rxe6 {[%clk 01:08:27]} {[%emt 00:00:44]} Bxe6 {[%clk
00:14:00]} {[%emt 00:00:06]} 23. Be5 {[%clk 01:08:12]} {[%emt 00:00:45]} Qe8
{[%clk 00:13:03]} {[%emt 00:01:27]} 24. Nh5 {[%clk 01:05:41]} {[%emt 00:03:00]}
gxh5 {[%clk 00:11:28]} {[%emt 00:02:06]} 25. Qg5+ {[%clk 01:06:00]} {[%emt
00:00:11]} Kf8 {[%clk 00:11:48]} {[%emt 00:00:10]} 26. Bg7+ {[%clk 01:06:24]}
{[%emt 00:00:05]} Kg8 {[%clk 00:12:12]} {[%emt 00:00:07]} 27. Bf6+ {[%clk
01:06:49]} {[%emt 00:00:05]} Kf8 {[%clk 00:12:38]} {[%emt 00:00:05]} 28. Qg7#
{[%clk 01:06:31]} {[%emt 00:00:04]} 1-0

[Event "DEM U12 2025"]
[Site "Willingen GER"]
[Date "2025.06.10"]
[Round "4"]
[White "Serwane, Ruben"]
[Black "Tran, Nhat Nam"]
[Result "1-0"]
[Termination "normal"]
[Board "18"]
[WhiteElo "1854"]
[BlackElo "1341"]
[WhiteClock "01:30:13"]
[BlackClock "00:08:39"]
[PlyCount "95"]
[WhiteFideId "34660232"]
[BlackFideId "34692193"]
[EventCountry "GER"]
[EventRounds "9"]
[EventType "swiss"]
[EventDate "2025.06.07"]

1. d4 {[%clk 01:30:53]} {[%emt 00:00:07]} d5 {[%clk 01:30:52]} {[%emt
00:00:08]} 2. Nf3 {[%clk 01:30:50]} {[%emt 00:00:33]} Nf6 {[%clk 01:31:09]}
{[%emt 00:00:12]} 3. Bf4 {[%clk 01:30:32]} {[%emt 00:00:49]} e6 {[%clk
01:31:22]} {[%emt 00:00:17]} 4. c4 {[%clk 01:29:57]} {[%emt 00:01:05]} c5
{[%clk 01:29:24]} {[%emt 00:02:28]} 5. e3 {[%clk 01:28:35]} {[%emt 00:01:51]}
Nc6 {[%clk 01:29:15]} {[%emt 00:00:40]} 6. Nc3 {[%clk 01:27:24]} {[%emt
00:01:39]} Qb6 {[%clk 01:27:42]} {[%emt 00:02:04]} 7. Nb5 {[%clk 01:24:45]}
{[%emt 00:03:09]} Rb8 {[%clk 01:25:03]} {[%emt 00:03:10]} 8. Bc7 {[%clk
01:23:52]} {[%emt 00:01:23]} Qa6 {[%clk 01:24:53]} {[%emt 00:00:40]} 9. cxd5
{[%clk 01:24:01]} {[%emt 00:00:20]} c4 {[%clk 01:00:39]} {[%emt 00:24:45]} 10.
Bxc4 {[%clk 01:22:40]} {[%emt 00:01:51]} Bb4+ {[%clk 00:59:56]} {[%emt
00:01:14]} 11. Kf1 {[%clk 01:22:23]} {[%emt 00:00:45]} O-O {[%clk 00:58:07]}
{[%emt 00:02:20]} 12. dxc6 {[%clk 01:22:03]} {[%emt 00:00:50]} Qxc6 {[%clk
00:58:05]} {[%emt 00:00:31]} 13. Bxb8 {[%clk 01:22:00]} {[%emt 00:00:33]} Qxc4+
{[%clk 00:55:44]} {[%emt 00:02:51]} 14. Qe2 {[%clk 01:22:09]} {[%emt 00:00:20]}
Qd5 {[%clk 00:45:56]} {[%emt 00:10:20]} 15. Nc3 {[%clk 01:21:04]} {[%emt
00:01:34]} Bxc3 {[%clk 00:45:22]} {[%emt 00:01:06]} 16. bxc3 {[%clk 01:21:16]}
{[%emt 00:00:17]} Bd7 {[%clk 00:43:25]} {[%emt 00:02:26]} 17. c4 {[%clk
01:20:50]} {[%emt 00:00:57]} Qa5 {[%clk 00:41:21]} {[%emt 00:02:34]} 18. Bg3
{[%clk 01:19:09]} {[%emt 00:02:10]} Rc8 {[%clk 00:38:37]} {[%emt 00:03:14]} 19.
Ne5 {[%clk 01:18:55]} {[%emt 00:00:44]} Ba4 {[%clk 00:35:07]} {[%emt 00:04:01]}
20. f3 {[%clk 01:18:15]} {[%emt 00:01:10]} Nd5 {[%clk 00:20:27]} {[%emt
00:15:10]} 21. Be1 {[%clk 01:16:35]} {[%emt 00:02:09]} Qa6 {[%clk 00:12:47]}
{[%emt 00:08:11]} 22. Kf2 {[%clk 01:15:46]} {[%emt 00:01:18]} Nb6 {[%clk
00:10:42]} {[%emt 00:02:36]} 23. Rc1 {[%clk 01:15:03]} {[%emt 00:01:13]} f6
{[%clk 00:09:06]} {[%emt 00:02:06]} 24. Nd3 {[%clk 01:13:18]} {[%emt 00:02:13]}
Nd7 {[%clk 00:06:11]} {[%emt 00:03:26]} 25. Nb4 {[%clk 01:12:53]} {[%emt
00:00:55]} Qb6 {[%clk 00:04:46]} {[%emt 00:01:56]} 26. c5 {[%clk 01:13:03]}
{[%emt 00:00:21]} Qd8 {[%clk 00:03:41]} {[%emt 00:01:34]} 27. Qc4 {[%clk
01:12:40]} {[%emt 00:00:52]} Qe8 {[%clk 00:02:38]} {[%emt 00:01:34]} 28. Nd5
{[%clk 01:11:52]} {[%emt 00:01:18]} b5 {[%clk 00:02:07]} {[%emt 00:01:01]} 29.
Qd3 {[%clk 01:11:15]} {[%emt 00:01:07]} exd5 {[%clk 00:02:04]} {[%emt
00:00:32]} 30. e4 {[%clk 01:11:02]} {[%emt 00:00:43]} Qe6 {[%clk 00:01:54]}
{[%emt 00:00:40]} 31. Bd2 {[%clk 01:10:22]} {[%emt 00:01:10]} Nb8 {[%clk
00:00:55]} {[%emt 00:01:29]} 32. Rhe1 {[%clk 01:10:05]} {[%emt 00:00:47]} Nc6
{[%clk 00:00:51]} {[%emt 00:00:35]} 33. Kg1 {[%clk 01:09:20]} {[%emt 00:01:14]}
Kf7 {[%clk 00:00:57]} {[%emt 00:00:25]} 34. Be3 {[%clk 01:08:20]} {[%emt
00:01:30]} a6 {[%clk 00:01:00]} {[%emt 00:00:26]} 35. Re2 {[%clk 01:05:52]}
{[%emt 00:02:58]} Kf8 {[%clk 00:00:36]} {[%emt 00:00:55]} 36. exd5 {[%clk
01:06:04]} {[%emt 00:00:17]} Qxd5 {[%clk 00:00:56]} {[%emt 00:00:11]} 37. Qxh7
{[%clk 01:06:00]} {[%emt 00:00:34]} Kf7 {[%clk 00:01:02]} {[%emt 00:00:24]} 38.
Qe4 {[%clk 01:05:54]} {[%emt 00:00:36]} Qd7 {[%clk 00:00:46]} {[%emt 00:00:45]}
39. d5 {[%clk 01:03:18]} {[%emt 00:03:06]} Ne5 {[%clk 00:00:35]} {[%emt
00:00:41]} 40. c6 {[%clk 01:03:01]} {[%emt 00:00:47]} Qc7 {[%clk 00:30:22]}
{[%emt 00:00:43]} 41. Bf4 {[%clk 01:31:57]} {[%emt 00:01:34]} Qb6+ {[%clk
00:26:44]} {[%emt 00:04:09]} 42. Kh1 {[%clk 01:30:44]} {[%emt 00:01:41]} Re8
{[%clk 00:20:07]} {[%emt 00:07:08]} 43. Bxe5 {[%clk 01:30:53]} {[%emt
00:00:21]} Rxe5 {[%clk 00:10:50]} {[%emt 00:09:47]} 44. Qxe5 {[%clk 01:30:06]}
{[%emt 00:01:17]} fxe5 {[%clk 00:11:01]} {[%emt 00:00:20]} 45. c7 {[%clk
01:30:24]} {[%emt 00:00:11]} Qd6 {[%clk 00:09:39]} {[%emt 00:01:52]} 46. c8=Q
{[%clk 01:30:21]} {[%emt 00:00:32]} b4 {[%clk 00:09:13]} {[%emt 00:00:57]} 47.
Qf5+ {[%clk 01:29:56]} {[%emt 00:00:55]} Ke7 {[%clk 00:08:39]} {[%emt
00:01:04]} 48. Rxe5+ {[%clk 01:30:13]} {[%emt 00:00:13]} 1-0

[Event "DEM U12 2025"]
[Site "Willingen GER"]
[Date "2025.06.10"]
[Round "4"]
[White "Dotschuweit, Erik"]
[Black "Krishnan, Vihaan"]
[Result "1-0"]
[Termination "normal"]
[Board "19"]
[WhiteElo "1676"]
[BlackElo "1731"]
[WhiteClock "00:33:59"]
[BlackClock "00:14:35"]
[PlyCount "109"]
[WhiteFideId "34610146"]
[BlackFideId "34633910"]
[EventCountry "GER"]
[EventRounds "9"]
[EventType "swiss"]
[EventDate "2025.06.07"]

1. e4 {[%clk 01:30:56]} {[%emt 00:00:05]} c5 {[%clk 01:30:46]} {[%emt
00:00:14]} 2. Nf3 {[%clk 01:31:08]} {[%emt 00:00:17]} e6 {[%clk 01:31:10]}
{[%emt 00:00:06]} 3. c3 {[%clk 01:26:59]} {[%emt 00:04:40]} Nf6 {[%clk
01:26:03]} {[%emt 00:05:37]} 4. e5 {[%clk 01:27:01]} {[%emt 00:00:28]} Nd5
{[%clk 01:26:20]} {[%emt 00:00:13]} 5. d4 {[%clk 01:27:04]} {[%emt 00:00:27]}
cxd4 {[%clk 01:26:04]} {[%emt 00:00:46]} 6. cxd4 {[%clk 01:27:16]} {[%emt
00:00:19]} Nc6 {[%clk 01:25:27]} {[%emt 00:01:06]} 7. Bc4 {[%clk 01:24:12]}
{[%emt 00:03:34]} d6 {[%clk 01:23:22]} {[%emt 00:02:36]} 8. Bxd5 {[%clk
01:19:42]} {[%emt 00:04:59]} exd5 {[%clk 01:23:22]} {[%emt 00:00:29]} 9. O-O
{[%clk 01:16:20]} {[%emt 00:03:53]} Be7 {[%clk 01:09:00]} {[%emt 00:14:51]} 10.
Nc3 {[%clk 01:15:11]} {[%emt 00:01:40]} dxe5 {[%clk 01:07:20]} {[%emt
00:02:09]} 11. dxe5 {[%clk 01:15:05]} {[%emt 00:00:37]} Be6 {[%clk 01:06:13]}
{[%emt 00:01:37]} 12. Qd3 {[%clk 01:05:32]} {[%emt 00:10:03]} Qd7 {[%clk
00:56:56]} {[%emt 00:09:47]} 13. Be3 {[%clk 00:59:49]} {[%emt 00:06:13]} Rd8
{[%clk 00:50:02]} {[%emt 00:07:24]} 14. Rad1 {[%clk 00:59:45]} {[%emt
00:00:34]} Qc7 {[%clk 00:45:28]} {[%emt 00:05:03]} 15. Nb5 {[%clk 00:52:36]}
{[%emt 00:07:40]} Qb8 {[%clk 00:45:12]} {[%emt 00:00:45]} 16. Rfe1 {[%clk
00:46:16]} {[%emt 00:06:50]} O-O {[%clk 00:30:32]} {[%emt 00:15:11]} 17. Bg5
{[%clk 00:42:32]} {[%emt 00:04:14]} h6 {[%clk 00:26:28]} {[%emt 00:04:34]} 18.
Bxe7 {[%clk 00:41:31]} {[%emt 00:01:31]} Nxe7 {[%clk 00:26:56]} {[%emt
00:00:03]} 19. Nfd4 {[%clk 00:39:20]} {[%emt 00:02:40]} Bd7 {[%clk 00:15:26]}
{[%emt 00:12:01]} 20. Nc3 {[%clk 00:37:05]} {[%emt 00:02:45]} Nc6 {[%clk
00:13:29]} {[%emt 00:02:26]} 21. f4 {[%clk 00:24:16]} {[%emt 00:13:19]} Nxd4
{[%clk 00:12:29]} {[%emt 00:01:30]} 22. Qxd4 {[%clk 00:24:38]} {[%emt
00:00:08]} Be6 {[%clk 00:08:47]} {[%emt 00:04:12]} 23. Re3 {[%clk 00:24:26]}
{[%emt 00:00:43]} a6 {[%clk 00:06:24]} {[%emt 00:02:52]} 24. Rg3 {[%clk
00:21:41]} {[%emt 00:03:14]} f6 {[%clk 00:04:37]} {[%emt 00:02:18]} 25. exf6
{[%clk 00:22:01]} {[%emt 00:00:10]} Rf7 {[%clk 00:03:56]} {[%emt 00:01:11]} 26.
Re1 {[%clk 00:21:43]} {[%emt 00:00:48]} Re8 {[%clk 00:04:00]} {[%emt 00:00:25]}
27. Kf2 {[%clk 00:16:42]} {[%emt 00:05:32]} Bd7 {[%clk 00:02:13]} {[%emt
00:02:16]} 28. Qxd5 {[%clk 00:14:21]} {[%emt 00:02:52]} Qxf4+ {[%clk 00:01:19]}
{[%emt 00:01:24]} 29. Qf3 {[%clk 00:12:33]} {[%emt 00:02:18]} Qd2+ {[%clk
00:00:33]} {[%emt 00:01:15]} 30. Re2 {[%clk 00:07:12]} {[%emt 00:07:30]} Rxe2+
{[%clk 00:00:52]} {[%emt 00:00:11]} 31. Nxe2 {[%clk 00:07:01]} {[%emt
00:00:41]} Bb5 {[%clk 00:00:36]} {[%emt 00:00:46]} 32. Rxg7+ {[%clk 00:06:54]}
{[%emt 00:00:37]} Kf8 {[%clk 00:00:40]} {[%emt 00:00:26]} 33. Rxf7+ {[%clk
00:05:03]} {[%emt 00:02:21]} Kxf7 {[%clk 00:01:08]} {[%emt 00:00:02]} 34. Qxb7+
{[%clk 00:05:24]} {[%emt 00:00:08]} Kxf6 {[%clk 00:00:56]} {[%emt 00:00:43]}
35. Qf3+ {[%clk 00:05:36]} {[%emt 00:00:19]} Kg6 {[%clk 00:01:06]} {[%emt
00:00:20]} 36. Qg4+ {[%clk 00:05:45]} {[%emt 00:00:20]} Kh7 {[%clk 00:00:57]}
{[%emt 00:00:39]} 37. Qe4+ {[%clk 00:05:35]} {[%emt 00:00:41]} Kg8 {[%clk
00:01:07]} {[%emt 00:00:20]} 38. Qa8+ {[%clk 00:04:48]} {[%emt 00:01:17]} Kg7
{[%clk 00:00:50]} {[%emt 00:00:46]} 39. Qb7+ {[%clk 00:04:40]} {[%emt
00:00:38]} Kg8 {[%clk 00:00:55]} {[%emt 00:00:25]} 40. Qb8+ {[%clk 00:04:52]}
{[%emt 00:00:19]} Kh7 {[%clk 00:00:43]} {[%emt 00:00:42]} 41. Qe5 {[%clk
00:05:02]} {[%emt 00:00:18]} Kg8 {[%clk 00:28:28]} {[%emt 00:02:46]} 42. Kf3
{[%clk 00:34:56]} {[%emt 00:00:37]} Qd1 {[%clk 00:27:15]} {[%emt 00:01:43]} 43.
Qe6+ {[%clk 00:34:57]} {[%emt 00:00:29]} Kg7 {[%clk 00:26:57]} {[%emt
00:00:48]} 44. Qg4+ {[%clk 00:34:41]} {[%emt 00:00:45]} Kh7 {[%clk 00:24:04]}
{[%emt 00:03:23]} 45. Kf2 {[%clk 00:34:27]} {[%emt 00:00:44]} Qc2 {[%clk
00:22:09]} {[%emt 00:02:26]} 46. Ke3 {[%clk 00:33:40]} {[%emt 00:01:17]} Qd3+
{[%clk 00:21:27]} {[%emt 00:01:11]} 47. Kf2 {[%clk 00:33:57]} {[%emt 00:00:13]}
Qd2 {[%clk 00:21:22]} {[%emt 00:00:35]} 48. Qe4+ {[%clk 00:33:52]} {[%emt
00:00:36]} Kg8 {[%clk 00:21:41]} {[%emt 00:00:10]} 49. Qg4+ {[%clk 00:33:30]}
{[%emt 00:00:53]} Kh7 {[%clk 00:21:54]} {[%emt 00:00:17]} 50. Qf5+ {[%clk
00:33:45]} {[%emt 00:00:15]} Kg8 {[%clk 00:21:46]} {[%emt 00:00:38]} 51. Qe6+
{[%clk 00:33:40]} {[%emt 00:00:35]} Kh7 {[%clk 00:20:27]} {[%emt 00:01:49]} 52.
Qe7+ {[%clk 00:33:20]} {[%emt 00:00:50]} Kg6 {[%clk 00:17:25]} {[%emt
00:03:32]} 53. Qe4+ {[%clk 00:33:27]} {[%emt 00:00:23]} Kh5 {[%clk 00:14:10]}
{[%emt 00:03:45]} 54. Qf5+ {[%clk 00:33:43]} {[%emt 00:00:14]} Qg5 {[%clk
00:14:35]} {[%emt 00:00:06]} 55. Nf4+ {[%clk 00:33:59]} {[%emt 00:00:13]} 1-0

[Event "DEM U12 2025"]
[Site "Willingen GER"]
[Date "2025.06.10"]
[Round "4"]
[White "Classen, Marnin"]
[Black "Shalovylo, Matvii"]
[Result "1/2-1/2"]
[Termination "normal"]
[Board "20"]
[WhiteElo "1663"]
[BlackElo "1788"]
[WhiteClock "01:11:33"]
[BlackClock "00:40:04"]
[PlyCount "71"]
[WhiteFideId "34623833"]
[BlackFideId "41846516"]
[EventCountry "GER"]
[EventRounds "9"]
[EventType "swiss"]
[EventDate "2025.06.07"]

1. e4 {[%clk 01:30:59]} e6 {[%clk 01:30:54]} {[%emt 00:00:06]} 2. d4 {[%clk
01:31:23]} {[%emt 00:00:07]} d5 {[%clk 01:31:19]} {[%emt 00:00:04]} 3. Nc3
{[%clk 01:31:44]} {[%emt 00:00:08]} Nf6 {[%clk 01:31:43]} {[%emt 00:00:06]} 4.
e5 {[%clk 01:32:10]} {[%emt 00:00:05]} Nfd7 {[%clk 01:32:07]} {[%emt 00:00:06]}
5. f4 {[%clk 01:32:32]} {[%emt 00:00:08]} c5 {[%clk 01:32:32]} {[%emt
00:00:05]} 6. Nf3 {[%clk 01:32:52]} {[%emt 00:00:09]} Nc6 {[%clk 01:32:11]}
{[%emt 00:00:52]} 7. Be3 {[%clk 01:32:42]} {[%emt 00:00:38]} a6 {[%clk
01:29:26]} {[%emt 00:03:16]} 8. Na4 {[%clk 01:30:18]} {[%emt 00:02:55]} cxd4
{[%clk 01:23:42]} {[%emt 00:06:13]} 9. Nxd4 {[%clk 01:29:21]} {[%emt 00:01:27]}
Qa5+ {[%clk 01:20:35]} {[%emt 00:03:37]} 10. Nc3 {[%clk 01:28:56]} {[%emt
00:00:56]} Bb4 {[%clk 01:19:07]} {[%emt 00:01:58]} 11. Qd2 {[%clk 01:28:53]}
{[%emt 00:00:31]} Nc5 {[%clk 01:16:51]} {[%emt 00:02:47]} 12. Nxc6 {[%clk
01:26:49]} {[%emt 00:02:35]} bxc6 {[%clk 01:17:07]} {[%emt 00:00:14]} 13. Bxc5
{[%clk 01:27:06]} {[%emt 00:00:13]} Qxc5 {[%clk 01:13:59]} {[%emt 00:03:38]}
14. a3 {[%clk 01:26:06]} {[%emt 00:01:30]} Bxc3 {[%clk 01:12:44]} {[%emt
00:01:44]} 15. Qxc3 {[%clk 01:26:29]} {[%emt 00:00:08]} Qxc3+ {[%clk 01:12:53]}
{[%emt 00:00:21]} 16. bxc3 {[%clk 01:26:53]} {[%emt 00:00:06]} Rb8 {[%clk
01:13:02]} {[%emt 00:00:21]} 17. Bd3 {[%clk 01:26:09]} {[%emt 00:01:13]} c5
{[%clk 01:12:51]} {[%emt 00:00:42]} 18. c4 {[%clk 01:24:19]} {[%emt 00:02:19]}
d4 {[%clk 01:12:31]} {[%emt 00:00:51]} 19. Kf2 {[%clk 01:23:42]} {[%emt
00:01:07]} Ke7 {[%clk 01:10:42]} {[%emt 00:02:19]} 20. Rab1 {[%clk 01:23:48]}
{[%emt 00:00:24]} Bd7 {[%clk 01:10:24]} {[%emt 00:00:47]} 21. Be4 {[%clk
01:23:19]} {[%emt 00:01:00]} Ba4 {[%clk 01:06:41]} {[%emt 00:04:13]} 22. Ke2
{[%clk 01:22:59]} {[%emt 00:00:49]} h6 {[%clk 01:06:28]} {[%emt 00:00:44]} 23.
g3 {[%clk 01:22:18]} {[%emt 00:01:10]} Kd7 {[%clk 01:05:11]} {[%emt 00:01:48]}
24. Kd2 {[%clk 01:22:27]} {[%emt 00:00:21]} Bc6 {[%clk 01:04:27]} {[%emt
00:01:15]} 25. Bxc6+ {[%clk 01:22:44]} {[%emt 00:00:12]} Kxc6 {[%clk 01:04:52]}
{[%emt 00:00:05]} 26. a4 {[%clk 01:20:36]} {[%emt 00:02:38]} Rb4 {[%clk
01:01:36]} {[%emt 00:03:47]} 27. Rxb4 {[%clk 01:19:39]} {[%emt 00:01:26]} cxb4
{[%clk 01:01:28]} {[%emt 00:00:38]} 28. a5 {[%clk 01:19:57]} {[%emt 00:00:12]}
Kc5 {[%clk 01:00:53]} {[%emt 00:01:05]} 29. Kd3 {[%clk 01:20:00]} {[%emt
00:00:27]} Re8 {[%clk 00:54:37]} {[%emt 00:06:45]} 30. h4 {[%clk 01:19:44]}
{[%emt 00:00:46]} Rg8 {[%clk 00:53:27]} {[%emt 00:01:40]} 31. g4 {[%clk
01:14:27]} {[%emt 00:05:47]} Rb8 {[%clk 00:45:33]} {[%emt 00:08:24]} 32. Rb1
{[%clk 01:14:26]} {[%emt 00:00:30]} g6 {[%clk 00:44:33]} {[%emt 00:01:30]} 33.
g5 {[%clk 01:10:46]} {[%emt 00:04:10]} h5 {[%clk 00:39:33]} {[%emt 00:05:30]}
34. Rb3 {[%clk 01:10:47]} {[%emt 00:00:30]} Rb7 {[%clk 00:39:49]} {[%emt
00:00:14]} 35. Rb2 {[%clk 01:11:09]} {[%emt 00:00:08]} Rb8 {[%clk 00:40:04]}
{[%emt 00:00:15]} 36. Rb3 {[%clk 01:11:33]} {[%emt 00:00:06]} 1/2-1/2